| 000 | 00639cab a2200205 4500 | ||
|---|---|---|---|
| 001 | WB2626-57 | ||
| 008 | 090401t1990 xxu||||| |||| 00| 0 eng d | ||
| 035 | _a(Sirsi) u3482 | ||
| 041 | _aeng | ||
| 245 | _aAdded value of 1993 | ||
| 260 | _c1990 | ||
| 350 | _a0 | ||
| 490 |
_aAntiques Trade Gazette _vno 944 7/7/90 p3 |
||
| 520 | _aDeals with proposals under the EC Sixth Directive harmonising VAT regulations within the Community forcing auctioneers and dealers to charge VAT on all sales including second-hand items. | ||
| 650 | _aAUCTION HOUSES | ||
| 650 | _aFINE ART | ||
| 690 | _aTAXATION | ||
| 942 | _n0 | ||
| 948 | _c04/03/1997 | ||
| 999 |
_c2141 _d2141 |
||